All Leeds United Premier League Players Ever - Statistics

General Stats
  • This quiz has been taken 37 times
  • The average score is 168 of 390
Answer Stats
% Correct
2000/01 Australia Mark Viduka 34
83%
2001/02 Australia Mark Viduka 33
83%
2002/03 Australia Mark Viduka 33
83%
2003/04 Australia Mark Viduka 30
83%
2020/21 England Patrick Bamford 38
83%
2021/22 England Patrick Bamford 9
83%
2022/23 England Patrick Bamford 28
83%
1998/99 England Alan Smith 22
80%
1999/00 England Alan Smith 26
80%
2000/01 England Alan Smith 33
80%
2001/02 England Alan Smith 23
80%
2002/03 England Alan Smith 33
80%
2003/04 England Alan Smith 35
80%
1997/98 Netherlands Jimmy Floyd Hasselbaink 33
77%
1998/99 Netherlands Jimmy Floyd Hasselbaink 36
77%
2021/22 Wales Daniel James 32
73%
2022/23 Wales Daniel James 4
73%
2020/21 Scotland Liam Cooper 25
73%
2021/22 Scotland Liam Cooper 21
73%
2022/23 Scotland Liam Cooper 18
73%
1994/95 South Africa Lucas Radebe 12
73%
1995/96 South Africa Lucas Radebe 13
73%
1996/97 South Africa Lucas Radebe 32
73%
1997/98 South Africa Lucas Radebe 27
73%
1998/99 South Africa Lucas Radebe 29
73%
1999/00 South Africa Lucas Radebe 31
73%
2000/01 South Africa Lucas Radebe 20
73%
2002/03 South Africa Lucas Radebe 19
73%
2003/04 South Africa Lucas Radebe 14
73%
2020/21 Spain Rodrigo 26
73%
2021/22 Spain Rodrigo 31
73%
2022/23 Spain Rodrigo 31
73%
2022/23 United States Brenden Aaronson 36
70%
1995/96 Australia Harry Kewell 2
70%
1996/97 Australia Harry Kewell 1
70%
1997/98 Australia Harry Kewell 29
70%
1998/99 Australia Harry Kewell 38
70%
1999/00 Australia Harry Kewell 36
70%
2000/01 Australia Harry Kewell 17
70%
2001/02 Australia Harry Kewell 27
70%
2002/03 Australia Harry Kewell 31
70%
1995/96 Ireland Ian Harte 4
70%
1996/97 Ireland Ian Harte 14
70%
1997/98 Ireland Ian Harte 12
70%
1998/99 Ireland Ian Harte 35
70%
1999/00 Ireland Ian Harte 33
70%
2000/01 Ireland Ian Harte 29
70%
2001/02 Ireland Ian Harte 36
70%
2002/03 Ireland Ian Harte 27
70%
2003/04 Ireland Ian Harte 23
70%
2020/21 France Illan Meslier 35
70%
2021/22 France Illan Meslier 38
70%
2022/23 France Illan Meslier 34
70%
2020/21 England Jack Harrison 36
70%
2021/22 England Jack Harrison 35
70%
2022/23 England Jack Harrison 36
70%
1998/99 Wales Matthew Jones 8
70%
1999/00 Wales Matthew Jones 11
70%
2000/01 Wales Matthew Jones 4
70%
2000/01 England Rio Ferdinand 23
70%
2001/02 England Rio Ferdinand 31
70%
1993/94 Ireland Gary Kelly 42
67%
1994/95 Ireland Gary Kelly 42
67%
1995/96 Ireland Gary Kelly 34
67%
1996/97 Ireland Gary Kelly 36
67%
1997/98 Ireland Gary Kelly 34
67%
1999/00 Ireland Gary Kelly 31
67%
2000/01 Ireland Gary Kelly 24
67%
2001/02 Ireland Gary Kelly 20
67%
2002/03 Ireland Gary Kelly 25
67%
2003/04 Ireland Gary Kelly 37
67%
2020/21 England Luke Ayling 38
67%
2021/22 England Luke Ayling 26
67%
2022/23 England Luke Ayling 29
67%
1996/97 England Nigel Martyn 37
67%
1997/98 England Nigel Martyn 37
67%
1998/99 England Nigel Martyn 34
67%
1999/00 England Nigel Martyn 38
67%
2000/01 England Nigel Martyn 23
67%
2001/02 England Nigel Martyn 38
67%
2020/21 Brazil Raphinha 30
67%
2021/22 Brazil Raphinha 35
67%
1997/98 Norway Alf Inge Haaland 32
63%
1998/99 Norway Alf Inge Haaland 29
63%
1999/00 Norway Alf Inge Haaland 13
63%
1994/95 Ghana Anthony Yeboah 18
63%
1995/96 Ghana Anthony Yeboah 22
63%
1996/97 Ghana Anthony Yeboah 7
63%
1992/93 England David Batty 30
63%
1993/94 England David Batty 9
63%
1998/99 England David Batty 10
63%
1999/00 England David Batty 16
63%
2000/01 England David Batty 16
63%
2001/02 England David Batty 36
63%
2003/04 England David Batty 12
63%
1992/93 France Eric Cantona 13
63%
1992/93 Wales Gary Speed 39
63%
1993/94 Wales Gary Speed 36
63%
1994/95 Wales Gary Speed 39
63%
1995/96 Wales Gary Speed 29
63%
1996/97 England Lee Bowyer 32
63%
1997/98 England Lee Bowyer 25
63%
1998/99 England Lee Bowyer 35
63%
1999/00 England Lee Bowyer 33
63%
2000/01 England Lee Bowyer 38
63%
2001/02 England Lee Bowyer 25
63%
2002/03 England Lee Bowyer 15
63%
2001/02 England Seth Johnson 14
63%
2002/03 England Seth Johnson 9
63%
2003/04 England Seth Johnson 25
63%
2002/03 England Simon Johnson 4
63%
2003/04 England Simon Johnson 5
63%
2020/21 Northern Ireland Stuart Dallas 38
63%
2021/22 Northern Ireland Stuart Dallas 34
63%
2020/21 Poland Mateusz Klich 35
60%
2021/22 Poland Mateusz Klich 33
60%
2022/23 Poland Mateusz Klich 14
60%
1998/99 England Paul Robinson 5
60%
2000/01 England Paul Robinson 16
60%
2002/03 England Paul Robinson 38
60%
2003/04 England Paul Robinson 36
60%
2001/02 England Robbie Fowler 22
60%
2002/03 England Robbie Fowler 8
60%
2020/21 Germany Robin Koch 17
60%
2021/22 Germany Robin Koch 20
60%
2022/23 Germany Robin Koch 36
60%
2021/22 Netherlands Crysencio Summerville 6
57%
2022/23 Netherlands Crysencio Summerville 28
57%
2020/21 North Macedonia Ezgjan Alioski 36
57%
1992/93 Scotland Gary McAllister 32
57%
1993/94 Scotland Gary McAllister 42
57%
1994/95 Scotland Gary McAllister 41
57%
1995/96 Scotland Gary McAllister 36
57%
1992/93 Scotland Gordon Strachan 31
57%
1993/94 Scotland Gordon Strachan 33
57%
1994/95 Scotland Gordon Strachan 6
57%
2020/21 England Kalvin Phillips 29
57%
2021/22 England Kalvin Phillips 20
57%
2022/23 United States Tyler Adams 24
57%
2022/23 Italy Wilfried Gnonto 24
57%
1995/96 Scotland Andy Gray 15
53%
1996/97 Scotland Andy Gray 7
53%
2000/01 Scotland Dominic Matteo 30
53%
2001/02 Scotland Dominic Matteo 32
53%
2002/03 Scotland Dominic Matteo 20
53%
2003/04 Scotland Dominic Matteo 33
53%
2002/03 England James Milner 18
53%
2003/04 England James Milner 30
53%
2020/21 Netherlands Pascal Struijk 27
53%
2021/22 Netherlands Pascal Struijk 29
53%
2022/23 Netherlands Pascal Struijk 29
53%
2000/01 Ireland Robbie Keane 18
53%
2001/02 Ireland Robbie Keane 25
53%
2002/03 Ireland Robbie Keane 3
53%
1999/00 Norway Eirik Bakke 29
50%
2000/01 Norway Eirik Bakke 29
50%
2001/02 Norway Eirik Bakke 27
50%
2002/03 Norway Eirik Bakke 34
50%
2003/04 Norway Eirik Bakke 10
50%
1992/93 England John Lukic 39
50%
1993/94 England John Lukic 20
50%
1994/95 England John Lukic 42
50%
1995/96 England John Lukic 28
50%
1999/00 England Michael Bridges 34
50%
2000/01 England Michael Bridges 7
50%
2002/03 England Michael Bridges 5
50%
2003/04 England Michael Bridges 10
50%
2000/01 France Olivier Dacourt 33
50%
2001/02 France Olivier Dacourt 17
50%
2002/03 France Olivier Dacourt 7
50%
2020/21 Spain Pablo Hernandez 16
50%
1999/00 England Danny Mills 17
47%
2000/01 England Danny Mills 23
47%
2001/02 England Danny Mills 28
47%
2002/03 England Danny Mills 33
47%
2020/21 Spain Diego Llorente 15
47%
2021/22 Spain Diego Llorente 28
47%
2022/23 Spain Diego Llorente 8
47%
2020/21 Angola Helder Costa 22
47%
2021/22 Angola Helder Costa 1
47%
1992/93 England Rod Wallace 32
47%
1993/94 England Rod Wallace 37
47%
1994/95 England Rod Wallace 32
47%
1995/96 England Rod Wallace 24
47%
1996/97 England Rod Wallace 22
47%
1997/98 England Rod Wallace 31
47%
1997/98 Scotland David Hopkin 25
43%
1998/99 Scotland David Hopkin 34
43%
1999/00 Scotland David Hopkin 14
43%
1999/00 England Jason Wilcox 20
43%
2000/01 England Jason Wilcox 17
43%
2001/02 England Jason Wilcox 13
43%
2002/03 England Jason Wilcox 25
43%
2003/04 England Jason Wilcox 6
43%
1998/99 England Jonathan Woodgate 25
43%
1999/00 England Jonathan Woodgate 34
43%
2000/01 England Jonathan Woodgate 14
43%
2001/02 England Jonathan Woodgate 13
43%
2002/03 England Jonathan Woodgate 18
43%
2021/22 Spain Junior Firpo 24
43%
2022/23 Spain Junior Firpo 19
43%
1992/93 England Ray Wallace 6
43%
1993/94 England Ray Wallace 1
43%
1993/94 England Brian Deane 41
40%
1994/95 England Brian Deane 35
40%
1995/96 England Brian Deane 34
40%
1996/97 England Brian Deane 28
40%
1992/93 England Lee Chapman 40
40%
1995/96 England Lee Chapman 2
40%
2022/23 Spain Marc Roca 32
40%
1996/97 Netherlands Robert Molenaar 12
40%
1997/98 Netherlands Robert Molenaar 23
40%
1998/99 Netherlands Robert Molenaar 17
40%
2020/21 Wales Tyler Roberts 27
40%
2021/22 Wales Tyler Roberts 23
40%
1993/94 England David White 15
37%
1994/95 England David White 23
37%
1995/96 England David White 4
37%
1992/93 Canada Kevin Sharp 4
37%
1993/94 Canada Kevin Sharp 10
37%
1994/95 Canada Kevin Sharp 2
37%
1995/96 Canada Kevin Sharp 1
37%
2020/21 England Leif Davis 2
37%
1992/93 England Tony Dorigo 33
37%
1993/94 England Tony Dorigo 37
37%
1994/95 England Tony Dorigo 28
37%
1995/96 England Tony Dorigo 17
37%
1996/97 England Tony Dorigo 18
37%
2003/04 England Aaron Lennon 11
33%
1999/00 England Darren Huckerby 33
33%
2000/01 England Darren Huckerby 7
33%
1992/93 England David Wetherall 13
33%
1993/94 England David Wetherall 32
33%
1994/95 England David Wetherall 38
33%
1995/96 England David Wetherall 34
33%
1996/97 England David Wetherall 29
33%
1997/98 England David Wetherall 34
33%
1998/99 England David Wetherall 21
33%
1996/97 Norway Gunnar Halle 20
33%
1997/98 Norway Gunnar Halle 32
33%
1998/99 Norway Gunnar Halle 17
33%
1996/97 England Lee Sharpe 26
33%
1998/99 England Lee Sharpe 4
33%
2022/23 Austria Maximilian Wober 16
33%
1999/00 England Michael Duberry 13
33%
2000/01 England Michael Duberry 5
33%
2001/02 England Michael Duberry 3
33%
2002/03 England Michael Duberry 14
33%
2003/04 England Michael Duberry 19
33%
1997/98 Ireland Stephen McPhail 4
33%
1998/99 Ireland Stephen McPhail 17
33%
1999/00 Ireland Stephen McPhail 24
33%
2000/01 Ireland Stephen McPhail 7
33%
2001/02 Ireland Stephen McPhail 1
33%
2002/03 Ireland Stephen McPhail 13
33%
2003/04 Ireland Stephen McPhail 12
33%
2022/23 United States Weston McKennie 19
33%
2021/22 England Adam Forshaw 22
30%
2022/23 England Adam Forshaw 12
30%
1994/95 England Carlton Palmer 39
30%
1995/96 England Carlton Palmer 35
30%
1996/97 England Carlton Palmer 28
30%
1992/93 England Chris Fairclough 30
30%
1993/94 England Chris Fairclough 40
30%
1994/95 England Chris Fairclough 5
30%
1996/97 Wales Ian Rush 36
30%
2000/01 Australia Jacob Burns 4
30%
2002/03 Australia Jacob Burns 2
30%
2020/21 Spain Kiko Casilla 3
30%
2022/23 Colombia Luis Sinisterra 19
30%
1992/93 England Mel Sterland 3
30%
2002/03 England Nick Barmby 19
30%
2003/04 England Nick Barmby 6
30%
1994/95 South Africa Philemon Masinga 22
30%
1995/96 South Africa Philemon Masinga 9
30%
1997/98 Portugal Bruno Ribeiro 29
27%
1998/99 Portugal Bruno Ribeiro 13
27%
1992/93 England Chris Whyte 34
27%
1998/99 Netherlands Clyde Wijnhard 18
27%
1997/98 Scotland David Robertson 26
27%
2003/04 England Jody Morris 12
27%
2003/04 Senegal Lamine Sakho 17
27%
1995/96 England Mark Jackson 1
27%
1996/97 England Mark Jackson 17
27%
1997/98 England Mark Jackson 1
27%
2022/23 Denmark Rasmus Kristensen 26
27%
2003/04 Brazil Roque Junior 5
27%
1995/96 Ireland Alan Maybury 1
23%
1997/98 Ireland Alan Maybury 12
23%
2001/02 Ireland Alan Maybury 1
23%
2000/01 New Zealand Danny Hay 4
23%
1992/93 England David Rocastle 18
23%
1993/94 England David Rocastle 7
23%
2003/04 England Frazer Richardson 4
23%
2000/01 England Gareth Evans 1
23%
2022/23 France Georginio Rutter 11
23%
2002/03 Australia Jamie McMaster 4
23%
1992/93 England Jon Newsome 37
23%
1993/94 England Jon Newsome 29
23%
1992/93 England Mark Beeney 1
23%
1993/94 England Mark Beeney 22
23%
1995/96 England Mark Beeney 10
23%
1996/97 England Mark Beeney 1
23%
1997/98 England Mark Beeney 1
23%
1992/93 England Noel Whelan 1
23%
1993/94 England Noel Whelan 16
23%
1994/95 England Noel Whelan 23
23%
1995/96 England Noel Whelan 8
23%
2002/03 Australia Paul Okon 15
23%
2021/22 England Sam Greenwood 7
23%
2022/23 England Sam Greenwood 18
23%
1995/96 Sweden Thomas Brolin 19
23%
1992/93 England Carl Shutt 14
20%
2021/22 Norway Kristoffer Klaesson 1
20%
1997/98 Austria Martin Hiden 11
20%
1998/99 Austria Martin Hiden 14
20%
1999/00 Austria Martin Hiden 1
20%
2022/23 England Mateo Joseph 3
20%
1994/95 Northern Ireland Nigel Worthington 27
20%
1995/96 Northern Ireland Nigel Worthington 16
20%
1992/93 England Steve Hodge 23
20%
1993/94 England Steve Hodge 8
20%
1998/99 England Danny Granville 9
17%
2020/21 Switzerland Gaetano Berardi 2
17%
1993/94 England John Pemberton 9
17%
1994/95 England John Pemberton 27
17%
1995/96 England John Pemberton 17
17%
2021/22 Norway Leo Fuhr Hjelde 2
17%
1992/93 England Mervyn Day 2
17%
2002/03 Spain Raul Bravo 5
17%
2003/04 Cameroon Salomon Olembe 12
17%
2003/04 England Scott Carson 3
17%
2002/03 Sweden Teddy Lucic 17
17%
2021/22 England Charlie Cresswell 5
13%
2003/04 France Didier Domi 12
13%
2020/21 England Ian Poveda 14
13%
1992/93 England Imre Varadi 4
13%
1992/93 England Jamie Forrester 6
13%
1993/94 England Jamie Forrester 3
13%
2020/21 England Jamie Shackleton 13
13%
2021/22 England Jamie Shackleton 14
13%
2021/22 England Joe Gelhardt 20
13%
2022/23 England Joe Gelhardt 15
13%
2022/23 Spain Joel Robles 4
13%
2002/03 England Matthew Kilgallon 2
13%
2003/04 England Matthew Kilgallon 8
13%
1995/96 England Paul Beesley 10
13%
1996/97 England Paul Beesley 12
13%
1995/96 England Richard Jobson 12
13%
1996/97 England Richard Jobson 10
13%
2003/04 France Cyril Chapuis 1
10%
1993/94 Ireland David O'Leary 10
10%
1992/93 Norway Frank Strandli 10
10%
1993/94 Norway Frank Strandli 4
10%
2003/04 England Jermaine Pennant 36
10%
2021/22 England Lewis Bate 3
10%
1992/93 England Mark Tinkler 7
10%
1993/94 England Mark Tinkler 3
10%
1994/95 England Mark Tinkler 3
10%
1995/96 England Mark Tinkler 9
10%
1996/97 England Mark Tinkler 3
10%
2003/04 Scotland Steven Caldwell 13
10%
1998/99 Netherlands Willem Korsten 7
10%
2003/04 France Zoumana Camara 13
10%
1994/95 England Andrew Couzens 4
7%
1995/96 England Andrew Couzens 14
7%
1996/97 England Andrew Couzens 10
7%
2021/22 England Cody Drameh 3
7%
2022/23 England Cody Drameh 1
7%
2022/23 England Darko Gyabi 1
7%
1992/93 England David Kerslake 8
7%
1996/97 England Derek Lilley 6
7%
1997/98 England Derek Lilley 12
7%
1998/99 England Derek Lilley 2
7%
1992/93 Malta Dylan Kerr 5
7%
1995/96 England Jason Blunt 3
7%
1996/97 England Jason Blunt 1
7%
1997/98 England Lee Matthews 3
7%
2021/22 Scotland Liam McCarron 1
7%
1993/94 England Mark Ford 1
7%
1995/96 England Mark Ford 12
7%
1996/97 England Mark Ford 16
7%
1996/97 England Mark Hateley 6
7%
2020/21 Wales Niall Huggins 1
7%
1996/97 England Paul Shepherd 1
7%
1996/97 France Pierre Laurent 4
7%
1992/93 England Rob Bowman 4
7%
1995/96 England Rob Bowman 3
7%
1992/93 England Scott Sellars 7
7%
2021/22 Scotland Stuart McKinstry 1
7%
No matching quizzes found
Score Distribution
Percent of People with Each Score
Percentile by Number Answered
Your Score History
You have not taken this quiz